00462 a2200121 4500040000600000082001200006100001800018245006700036260008200103300004500185500005300230856005700283 a0 aPGDIT-2 aRiaz Mahmood. aManagement information system of Fauji cereals cRiaz Mahmood. aIslamabad :bNUST School of Electrical Engineering & Computer Science,c2000. axiii, 73 p. :bill. ;c27 cm. +eCD-ROM. aSupervisors : Dr. Arshad Ali, Mr. Nabeel Zubair. uhttp://10.250.8.41:8080/xmlui/handle/123456789/13208